000 01356nam a2200229Ia 4500
003 Ost
005 20260507075126.0
008 260507s9999||||xx |||||||||||||| ||und||
020 _a2960404977
040 _cfsecg
041 _aara
082 _a330
100 _aعبد ربه، ابراهيم على ابراهيم
_eمؤلف
245 0 _aمبادئ علم الإحصاء الوصفي والتحليلي /
_c ابراهيم على ابراهيم عبد ربه
260 _aالإسكندرية:
_bدار المطبوعات الجامعية,
_c2008
300 _a658 صفحة؛
_bإيضاحات ؛
_c24 سم
520 _aمقدمة وتعاريف-جمع البيانات والمعلومات الإحصائية-تصنيف وعرض البيانات الإحصائية-تحليل البيانات الإحصائية-مقاييس التشتت-الإلتزام والعزوم-دراسة العلاقة بين متغيرين أو أكثر-الأرقام القياسية-السلاسل الزمنية-مقدمة في نظرية الإحتمالات والتوزيعات-التوزيعات الإحتمالية لبعض المتغيرات المنفصلة والمتصلة
653 _aالإحصاء - المعاملات الإرتباطية
653 _aالإحصاء الكمي
653 _aالإحصاء الوصفي
942 _cكتاب
999 _c43154
_d43154